Esport / Andrea Imeroni ; traducció de Jordi Tomàs
Descripción Física:
55 p. ; 22 cm
Colección:
Temes d'infància : Educar de 0 a 6 anys ; 5
Otros Autores:
Tomàs, Jordi, tr
MARC
| LEADER | 00000nam a2200000Ia 4500 | ||
|---|---|---|---|
| 001 | 8325 | ||
| 008 | 160829s1987 xx 000 0 cat d | ||
| 080 | |a E-1-186 | ||
| 100 | |a Imeroni, Andrea |9 33455 | ||
| 245 | |a Esport / Andrea Imeroni ; traducció de Jordi Tomàs | ||
| 260 | |a Barcelona : |b A.A.P.S.A. Rosa Sensat : |b Diputació de Barcelona, |c 1987 | ||
| 300 | |a 55 p. ; |c 22 cm | ||
| 490 | |a Temes d'infància : Educar de 0 a 6 anys ; 5 | ||
| 650 | |a Educació física per a infants |9 33456 | ||
| 650 | |a Esports |9 34364 | ||
| 650 | 0 | |a Jocs educatius |9 29182 | |
| 650 | |a Psicomotricitat |9 33459 | ||
| 700 | |a Tomàs, Jordi, tr. |9 33460 | ||
| 710 | 1 | |a Barcelona (Catalunya : Província). |b Diputació |9 52408 | |
| 710 | 2 | |a Rosa Sensat (Associació) |9 54183 | |
| 901 | |a Arxiu | ||
| 942 | |n 1 | ||
| 952 | |0 0 |1 0 |4 0 |6 E1186 |7 1 |9 46301 |a Arxiu |b Arxiu |d 2016-12-01 |l 0 |o E-1-186 |p 8325 |r 2016-12-01 00:00:00 |w 2016-12-01 |y ARXIU | ||
| 999 | |c 49808 |d 49808 | ||